Statistiques concernant Candidats à l’élection présidentielle 2007 en images

Cliquez ici pour prendre le quiz!

Statistiques générales

  • Ce quiz a été pris 37 fois
  • Le résultat moyen est 7 sur 12

Statistiques - réponses

Réponse% Correct
Jean-Marie Le Pen
97%
Nicolas Sarkozy
97%
Ségolène Royal
97%
François Bayrou
92%
Olivier Besancenot
62%
Arlette Laguiller
59%
Philippe De Villiers
57%
José Bové
54%
Marie-George Buffet
30%
Dominique Voynet
27%
Gérard Schivardi
16%
Frédéric Nihous
11%

Distribution des résultats

Percentile par nombre de réponses

% des personnes avec chaque résultat

Votre développement - résultats

Vous n’avez pas pris ce quiz